Doing Business Internationally:the guide to cross- cultural success (Record no. 2428)

MARC details
000 -LEADER
fixed length control field 00531nam a22001817a 4500
005 - DATE AND TIME OF LATEST TRANSACTION
control field 20180703121638.0
008 - FIXED-LENGTH DATA ELEMENTS--GENERAL INFORMATION
fixed length control field 160611b xxu||||| |||| 00| 0 eng d
020 ## - INTERNATIONAL STANDARD BOOK NUMBER
ISBN 0-07-059415-5
041 ## - LANGUAGE CODE
Language code of text/sound track or separate title eng
082 ## - DEWEY DECIMAL CLASSIFICATION NUMBER
Item number 6977
Classification number 658.049
100 ## - MAIN ENTRY--AUTHOR NAME
Personal name WALKER, DANIELLE MEDINA AND OTHERS
245 ## - TITLE STATEMENT
Title Doing Business Internationally:the guide to cross- cultural success
250 ## - EDITION STATEMENT
Edition statement 2nd ed.
260 ## - PUBLICATION, DISTRIBUTION, ETC. (IMPRINT)
Place of publication NEW DELHI
Name of publisher TATA MCGRAW HILL PUBLISHING COMPANY LTD.
Year of publication 2003
300 ## - PHYSICAL DESCRIPTION
Number of Pages 322p,
650 ## - SUBJECT ADDED ENTRY--TOPICAL TERM
Topical Term Management
942 ## - ADDED ENTRY ELEMENTS (KOHA)
Koha item type Books
Holdings
Lost status Damaged status Collection code Home library Current library Shelving location Date acquired Cost, normal purchase price Full call number Accession Number Koha item type
    Reference JRU Library   SHELF-30-E 11/06/2016 375.00 658..049 6977 Books
    MANAGEMENT JRU Library JRU Library SHELF-61-C 11/06/2016 375.00 658..049 6978 Books
      JRU Library   SHELF-17-F 11/06/2016 375.00 658..049 6979 Books
    MANAGEMENT JRU Library JRU Library SHELF-61-C 11/06/2016 375.00 658..049 6980 Books
    MANAGEMENT JRU Library JRU Library SHELF-61-C 11/06/2016 375.00 658..049 6981 Books